000 00338nam a2200133Ia 4500
003 GCL
008 140319s9999 xx 000 0 ara d
040 _aGCL /
_cGCL
082 0 4 _a322.155
_bر ص
245 1 0 _aصناعة التبعية
260 _a[S.N] :
_bدار المستقبل العربى ،
_c1987
300 _a254 ص
490 _a
999 _c34866
_d34866